Southville International School and Colleges
Your cart is empty.
  • Cart
  • Lists
    Public lists Eva Luna New books Lux_list list_1
    Your lists Log in to create your own lists
  • Log in to your account
  • Your cookies
  • Search history
Southville International School and Colleges
  • Advanced search
  • Recent comments
  • Most popular
  • Libraries

Log in to your account

Log in with GOOGLE


If you do not have an external account, but do have a local account, you can still log in:

  1. Home
  2. MARC view: Greatness and limitations of Freud's thought /
Normal view MARC view ISBD view

Greatness and limitations of Freud's thought / (Record no. 21419)

[ view plain ]
MARC details
000 -LEADER
fixed length control field 00536nam a2200193 a 4500
003 - CONTROL NUMBER IDENTIFIER
control field OSt
005 - DATE AND TIME OF LATEST TRANSACTION
control field 20140506143510.0
008 - FIXED-LENGTH DATA ELEMENTS--GENERAL INFORMATION
fixed length control field 021129s19uu xx 00 eng d
050 ## - LIBRARY OF CONGRESS CALL NUMBER
Classification number BF 173.F85
Item number .F753 1981
100 ## - MAIN ENTRY--PERSONAL NAME
Personal name Fromm, Erich.
245 ## - TITLE STATEMENT
Title Greatness and limitations of Freud's thought /
Statement of responsibility, etc by Erich Fromm.
260 ## - PUBLICATION, DISTRIBUTION, ETC. (IMPRINT)
Place of publication, distribution, etc New York :
Name of publisher, distributor, etc New Amrican Library,
Date of publication, distribution, etc c1981.
300 ## - PHYSICAL DESCRIPTION
Extent 148 p. :
Dimensions 18 cm.
521 ## - TARGET AUDIENCE NOTE
Target audience note
650 ## - SUBJECT ADDED ENTRY--TOPICAL TERM
Topical term or geographic name as entry element Freud, Sigmund, 1856-1939.
650 ## - SUBJECT ADDED ENTRY--TOPICAL TERM
Topical term or geographic name as entry element Psychoanalysis.
942 ## - ADDED ENTRY ELEMENTS (KOHA)
Koha item type Books
Source of classification or shelving scheme Library of Congress Classification
Holdings
Withdrawn status Lost status Source of classification or shelving scheme Damaged status Home library Current library Shelving location Date acquired Total Checkouts Full call number Barcode Date last seen Copy number Koha item type
    Library of Congress Classification   College Library College Library General Circulation Section 03/07/2006   BF 173.F85 .F253 1981 C6903 05/15/2018 1 Books

Greatness and limitations of Freud's thought /

APA

Fromm E., . (1981). Greatness and limitations of Freud's thought. New York: New Amrican Library.

Chicago

Fromm Erich, . 1981. Greatness and limitations of Freud's thought. New York: New Amrican Library.

Harvard

Fromm E., . (1981). Greatness and limitations of Freud's thought. New York: New Amrican Library.

MLA

Fromm Erich, . Greatness and limitations of Freud's thought. New York: New Amrican Library. 1981.

  • Place hold
  • Print
  • Cite
  • Add to your cart (remove)
  • Save record
    BIBTEX Dublin Core MARCXML MARC (non-Unicode/MARC-8) MARC (Unicode/UTF-8) MARC (Unicode/UTF-8, Standard) MODS (XML) RIS
  • More searches
    Search for this title in:
    Other Libraries (WorldCat) Other Databases (Google Scholar) Online Stores (Bookfinder.com) Open Library (openlibrary.org)

Exporting to Dublin Core...

SOUTHVILLE LIBRARY

Southville International School and Colleges Library

1281 Tropical Ave. Cor. Luxembourg St., BF Homes International, Las Pinas City

Tel. No. 8256374 / 252358 Loc. 117/146

Powered by Koha